Differential equations with applications in biology, physics, and engineering /
Guardado en:
| Autor Corporativo: | |
|---|---|
| Otros Autores: | , , |
| Formato: | Libro |
| Idioma: | English |
| Publicado: |
New York :
Marcel Dekker,
c1991.
|
| Series: | Lecture notes in pure and applied mathematics ;
v. 133 |
| Etiquetas: |
Agregar Etiqueta
Sin Etiquetas, Sea el primero en etiquetar este registro!
|
| LEADER | 03351nam a22002415a 4500 | ||
|---|---|---|---|
| 001 | MAT.inmabb000069 | ||
| 008 | 910415s1991####nyu######b####101#0#eng## | ||
| 005 | 20170526125102.0 | ||
| 245 | 0 | 0 | |a Differential equations with applications in biology, physics, and engineering / |c edited by Jerome A. Goldstein, Franz Kappel, Wilhelm Schappacher. |
| 260 | |a New York : |b Marcel Dekker, |c c1991. | ||
| 300 | |a xiii, 332 p. ; |c 6 cm. | ||
| 440 | 0 | |a Lecture notes in pure and applied mathematics ; |v v. 133 | |
| 500 | |a Lectures from the International Conference on Differential Equations and Applications held at the Volksbildungshaus Retzhof in Leibnitz, Austria, June 18-24, 1989. | ||
| 504 | |a Includes bibliographical references and index. | ||
| 505 | 0 | |a D. D. Ang, K. Schmitt and L. K. Vy, Variational inequalities and the contact of elastic plates -- H. T. Banks and D. A. Rebnord, Analytic semigroups: applications to inverse problems for flexible structures -- Joachim von Below, A maximum principle for semilinear parabolic network equations -- Carlos Castillo-Chavez, Stavros Busenberg and Ken Gerow, Pair formation in structured populations -- Panos Charissiadis and Rainer Nagel, Positivity for operator matrices -- Giuseppe Da Prato and Eugenio Sinestrari, Time dependent differential equations in nonreflexive Banach spaces -- A. M. de Roos [André Marc de Roos] and J. A. J. Metz, Towards a numerical analysis of the escalator boxcar train -- Klaus-J. Engel, An application of polynomial operator matrices to a second order Cauchy problem -- W. W. Farr, W. E. Fitzgibbon, J. J. Morgan and S. J. Waggoner, Asymptotic convergence for a class of autocatalytic chemical systems -- Angelo Favini, Second order parabolic equations in Banach space -- F. Gesztesy, On the modified Korteweg-de Vries equation -- Ronald Grimmer and He Tao Liu, Integrodifferential equations with non-densely defined operators -- M. Hoffmann-Ostenhof and T. Hoffmann-Ostenhof, On nodes of local solutions to Schrödinger equations -- Kazufumi Ito and Franz Kappel, On integro-differential equations with weakly singular kernels -- Hans G. Kaper and Man Kam Kwong, Ground states of semi-linear diffusion equations -- J. Lagnese and G. Leugering, Uniform energy decay of a class of cantilevered nonlinear beams with nonlinear dissipation at the free end -- Alessandra Lunardi, Neumann boundary stabilization of structurally damped time periodic wave and plate equations -- R. H. Martin and H. L. Smith, Convergence in Lotka-Volterra systems with diffusion and delay -- J. A. J. Metz and O. Diekmann, Exact finite-dimensional representations of models for physiologically structured populations. I. The abstract foundations of linear chain trickery -- Branko Najman, The nonrelativistic limit of Klein-Gordon and Dirac equations -- Gisèle Ruiz Rieder, Spatially degenerate diffusion with periodic-like boundary conditions -- Bernd Thaller, Scattering theory of a supersymmetric Dirac operator. | |
| 510 | 4 | |a MR, |c 93a:00021 | |
| 020 | |a 0824785711 | ||
| 711 | 2 | |a International Conference on Differential Equations and Applications |d (1989 : |c Leibnitz, Austria) | |
| 700 | 1 | |a Goldstein, Jerome A., |d 1941- |4 edt | |
| 700 | 1 | |a Kappel, F. |4 edt | |
| 700 | 1 | |a Schappacher, Wilhelm. |4 edt | |
| 084 | |a 00B25 (34-06 35-06 73-06 92-06) |2 msc2000 | ||
| 859 | |h 00B25 |i In61-1989 |p A-7766 |b BIB. MATEMATICA | ||
